Buchstaben-Labyrinth - Sudden Death - Statistiken

Allgemein
  • Dieses Quiz wurde 454 mal gespielt
  • Das Durchschnittsergebnis liegt bei 10 aus 24
Answers on the Grid
Answers color-coded by a green-red scale on the quiz's grid according to % correct below.
D
L
B
R
F
O
S
I
D
W
U
N
T
H
P
F
M
J
A
Q
E
R
U
N
Z
K
P
L
D
H
C
G
B
W
M
P
X
N
H
A
J
C
R
E
N
S
Y
W
B
K
 
Antwortstatistiken
Antwort % Korrekt
D
89%
B
79%
L
67%
A
65%
D
59%
I
59%
H
56%
E
46%
F
46%
C
44%
J
44%
M
41%
G
40%
K
40%
B
38%
L
28%
A
27%
D
27%
B
24%
H
24%
E
21%
H
21%
M
21%
K
15%
Keine übereinstimmenden Quizze gefunden
Verteilung der Resultate
Anzahl Personen mit jedem Resultat
Perzentil nach korrekt beantworteten Fragen
Ihre Resultats-Entwicklung
Sie haben dieses Quiz noch nicht gespielt